Statistics for Famous People Named James

Click here to take the quiz!

General Stats

  • This quiz has been taken 19,692 times
    (8,789 since last reset)
  • The average score is 13 of 20

Answer Stats

ClueFamous James% Correct
Fictional super spy, code name 007James Bond
99%
Actor who starred in "Rebel Without a Cause"James Dean
83%
Guitarist who performed "Purple Haze"Jimi Hendrix
81%
Actor who starred as Ace VenturaJim Carrey
79%
Director of "Titanic"James Cameron
78%
From peanut farmer to U.S. PresidentJimmy Carter
78%
He discovered Hawaii but was killed by the people who already lived there
Capt. James Cook
72%
The voice of Darth VaderJames Earl Jones
70%
Lead singer of the DoorsJim Morrison
70%
Author of "Ulysses" and "Dubliners"James Joyce
68%
Fourth President of the U.S.James Madison
68%
Captain of the starship Enterprise in the 23rd centuryJames T. Kirk
65%
Singer called the "Godfather of Soul"James Brown
63%
Creator of the MuppetsJim Henson
60%
Star of "It's a Wonderful Life" Jimmy Stewart
50%
Guitarist from Led ZeppelinJimmy Page
49%
His songs include "Cheeseburger in Paradise" and "Margaritaville"Jimmy Buffett
45%
He improved the steam engineJames Watt
42%
2011 Oscars host who has a strong resemblance to the aboveJames Franco
37%
Author of "The Last of the Mohicans"James Fenimore Cooper
29%

Score Distribution

Percentile by Number Answered

Percent of People with Each Score

Your Score History

You have not taken this quiz since the last reset